NHL Hockey Cities Map Quiz #2 - Statistics

General Stats
  • This quiz has been taken 590 times
  • The average score is 17 of 28
Answers on the Map
Answers color-coded by a green-red scale on the quiz's map according to % correct below.
 
Answer Stats
Answer % Correct
Vancouver
88%
Calgary
80%
Winnipeg
78%
Edmonton
75%
Boston
69%
Detroit
68%
Chicago
67%
Montreal
67%
Buffalo
65%
Dallas
63%
Toronto
63%
Tampa
62%
Ottawa
61%
Saint Paul
59%
Columbus
57%
Denver
57%
Nashville
57%
Pittsburgh
57%
Raleigh
57%
St Louis
55%
Newark
54%
Washington
54%
Philadelphia
50%
San Jose
48%
Sunrise
46%
Glendale
45%
Anaheim
42%
Paradise
37%
No matching quizzes found
Score Distribution
Percent of People with Each Score
Percentile by Number Answered
Your Score History
You have not taken this quiz